[Event "Olympiad Women 2024"]
[Site "Budapest HUN"]
[Date "2024.09.22"]
[Round "11.77"]
[Board "1"]
[White "Ruddy, Rachel"]
[Black "Maly Inthavong"]
[Result "1-0"]
[WhiteElo "1662"]
[BlackElo "1633"]
[PlyCount "69"]
[EventDate "2024.09.11"]
[WhiteTeam "Jersey"]
[BlackTeam "Laos"]
[BlackTeamCountry "LAO"]

1. e4 e5 2. Nf3 Nc6 3. d3 d5 4. Nbd2 ({RR} 4. exd5 Qxd5 5. a3 Nf6 6. Nc3 Qd8 7. g3 Be7 8. Bg2 O-O 9. O-O Re8 10. Re1 Bf8 11. h3 h6 12. Ra2 Be6 13. Ra1 Bd6 14. b4 a6 15. Bb2 Qd7 16. Kh2 Rad8 17. Na4 Bf5 18. Nd2 Nd4 {1-0 Ibarra Jerez,J (2559)-Ambartsumova,K (2406) Titled Tue 28th May Late 2024 (11)}) 4... d4 ({RR} 4... Be6 5. Be2 Qd7 6. c3 f6 7. b4 O-O-O 8. a3 Kb8 9. Bb2 Nh6 10. O-O g5 11. Qc2 Ne7 12. Nb3 Ng6 13. c4 d4 14. b5 Nf4 15. Rfe1 g4 16. Nfd2 Nf7 17. Bf1 h5 18. a4 Ng5 19. a5 {0-1 Quirke,J (1986)-Garbarino,R (2345) Titled Tue 9th Jan Early 2024 (11)}) 5. Nc4 $146 ({RR} 5. g3 Bb4 6. a3 Ba5 7. b4 Bb6 8. b5 Na5 9. Nxe5 Qf6 10. Nef3 Bg4 11. Bg2 Ne7 12. O-O O-O 13. h3 Bh5 14. g4 Bg6 15. e5 Qe6 16. Re1 c5 17. Ng5 Qd7 18. Nc4 Qxb5 19. Nd6 Qd7 {1-0 Mar,H (1562)-Cole,T (1494) San Francisco TNM Peter Grey op 2010 (8)}) 5... Bd6 6. c3 Bg4 7. Be2 Nf6 8. Qb3 b6 9. O-O O-O 10. Qc2 Qd7 11. a4 a6 12. h3 Be6 13. Nxd6 Qxd6 14. Nh2 Na5 15. Bg5 Nd7 16. b4 Nb7 17. f4 f6 18. fxe5 fxe5 19. Nf3 c5 20. b5 Na5 21. c4 Nb7 22. Qd2 Nd8 23. Qe1 Nf7 24. Bd2 a5 25. Qg3 Nf6 26. Nh4 Qe7 27. Rf2 Ra7 28. Raf1 Nd7 29. Bh5 Raa8 30. Bxf7+ Rxf7 31. Rxf7 Bxf7 32. Nf5 Qf8 33. Nh6+ Kh8 34. Nxf7+ Kg8 35. Nh6+ 1-0